000 00962nam a2200253Ia 4500
003 OSt
005 20220930095126.0
006 a|||||r|||| 00| 0
007 ta
008 220926b |||||||| |||| 00| 0 pan d
024 _a68794
037 _cTheses
040 _aCRL
_cCRL
_bpan
041 _2pan
_apan
100 _aਸਿੰਘ, ਲਖਵੀਰ, ਂਚ.
110 _aਦਿੱਲੀ ਯੂਨੀਵਰਸਿਟੀ. ਕਲਾ ਸੰਕਾਯ. ਪੰਜਾਬੀ ਵਿਭਾਗ
_9556942
245 0 _aਗੁਰੂ ਨਾਨਕ ਬਾਣੀ ਅਤੇ ਮਨੂ ਸਿਮ੍ਰਿਤੀ
_b ਅੰਤਰ-ਸੰਵਾਦ
260 _c2019
300 _a484ਪ੍ਰ0
_ap.
_ccm.
650 _aਪੰਜਾਬੀ ਭਾFਾ
700 _aਦਿੱਲੀ ਯੂਨੀਵਰਸਿਟੀ. ਕਲਾ ਸੰਕਾਯ. ਪੰਜਾਬੀ ਵਿਭਾਗ
_9556943
942 _cDIS
_2CC
999 _c888364
_d888364